|
|
|
|
| LEADER |
00000cam a2200000 7i4500 |
| 001 |
0000024916 |
| 005 |
20090121.0 |
| 008 |
090121 |
| 020 |
|
|
|a 983360403X
|
| 090 |
0 |
0 |
|a 808.51
|b EDD
|
| 100 |
1 |
|
|a Eddy Rosyadie
|
| 245 |
1 |
0 |
|a Juara pentas :
|b panduan praktikal pengucapan awam
|c Eddy Rosyadie
|
| 260 |
|
|
|a Selangor :
|b PTS Millennia ,
|c 2007
|
| 650 |
|
0 |
|a Islam
|x doctrines
|
| 650 |
|
0 |
|a Oral communication
|x handbooks, manual, etc.
|
| 650 |
|
0 |
|a Public speaking
|x handbooks, manual, etc
|
| 999 |
|
|
|a 0001025389
|b Book
|c Adult Collection
|e Perbadanan Perpustakaan Awam Johor
|
| 999 |
|
|
|a 0001025390
|b Book
|c Adult Collection
|e Perbadanan Perpustakaan Awam Johor
|
| 999 |
|
|
|a 0001025391
|b Book
|c Adult Collection
|e Cawangan Urban Transformation Centre
|
| 999 |
|
|
|a 0001025392
|b Book
|c Adult Collection
|e Cawangan Urban Transformation Centre
|
| 999 |
|
|
|a 0001025393
|b Book
|c Adult Collection
|e Cawangan Urban Transformation Centre
|